Quick Pick: Channing Tatum Movies Quiz Stats

 Plays Quiz Updated Aug 9, 2019

Score 0/10 Timer 01:00
1 Play Today
% Correct
John
98.3%
Hail
98.1%
Street
97.9%
Man
97.8%
Mike
96.4%
Retaliation
95.7%
House
94.9%
Jupiter
94.6%
Step
91.1%
Saints
79.9%

Today's Daily Dose

Missing Word
'A' in Video Games

Quick Pick
'P' Food

Get the Picture
France vs. Germany

You're not logged in!

Compare scores with friends on all Sporcle quizzes.
OR
Log In

Sporcle TV

Today on Sporcle TV


Watch our educational content, quiz creation guides, and fun videos on Sporcle TV.

Show Comments

Extras

Top Quizzes Today


Score Distribution

Your Account Isn't Verified!

In order to create a playlist on Sporcle, you need to verify the email address you used during registration. Go to your Sporcle Settings to finish the process.

Report this User

Report this user for behavior that violates our Community Guidelines.

Details: